202 - Né(es) un 21 juillet. - Statistiques

Statistiques générales
  • Ce quiz a été pris 6 fois
  • Le résultat moyen est 5 sur 15
Statistiques - réponses
Hint Année de naissance Réponse % Correct
Fille de Jane Birkin vue notammentdans "L'Éffrontée", "Prête-moi ta main" et "Ma femme est une actrice". 1971 Charlotte Lucy Ginsburg|Charlotte Gainsbourg
100%
Écrivain américain connu pour son goût prononcé pour l'alcool et "Pour qui sonne le glas", "Le vieil homme et la mer" et "Paris est une fête". 1899 Ernest Hemingway
75%
Acteur américain connu pour ses rôles dans "Madame Doubtfire", "Le cercle des poètes disparus" et "Will Hunting" ce qui lui vaut de remporter l'Oscar du meilleur acteur dans un second rôle. 1951 Robin Williams
75%
Journaliste française. Après avoir travaillé à France Inter et TF1, elle intègre France 2 en 1992. A animé "Mots croisés" puis "À vous de juger". 1951 Arlette Chabot
50%
Chanteur français révélé en 1978 avec "Tout corps vivant branché sur le secteur étant appelé à s'émouvoir" confirmé avec "Suppléments de mensonge". 1948 Hubert-Félix Thiéfaine
50%
Fils de Philippe II. Notamment roi de Macédoine de 336 av. J.-C à 323 av. J.-C. 356 av. J.-C Alexandre III|Alexandre le Grand
25%
Réalisateur britannique notamment de "Top Gun", "Le Flic de Beverly Hills 2", "USS Alabama", "Ennemi d'État" et "Déja vu". 1944 Anthony Scott|Tony Scott
25%
Journaliste et propriétaire de médias britannique d'origine allemande, fondateur de l'agence qui porte son nom. 1816 Baron von Reuter|Paul Julius|Paul Julius Reuter
25%
Journaliste français, fondateur (1964), directeur et éditorialiste du Nouvel Observateur. 1920 Jean Daniel Bensaïd|Jean Daniel
25%
212e pape de l’Église catholique de 1471 à 1484. 1414 Francesco della Rovere|Sixte IV
0%
Joueur de rugby français, finaliste de la Coupe du monde en 2011 avec l'équipe de France (39 sélections). Vainqueur du Championnat de France en 2022 et vainqueur du Challenge européen en 2016 et 2021. 1986 Fulgence Ouedraogo
0%
Acteur américain vu dans "Pearl Harbor", "Virgin Suicides" et "Oppenheimer". 1978 Josh Hartnett
0%
Reine d'Espagne par son mariage avec Alphonse XII, puis régente pour son fils Alphonse XIII. 1858 Marie-Christine d'Autriche
0%
Actrice française, fille de Romy Schneider. 1977 Sarah Magdalena Biasini
0%
Homme politique britannique. Premier ministre de Grande-Bretagne de 1754 à 1756 et de 1757 à 1762. 1693 Thomas Pelham-Holles
0%
Aucun quiz correspondant
Distribution des résultats
% des personnes avec chaque résultat
Percentile par nombre de réponses
Votre historique - résultats
Vous n’avez pas pris ce quiz